000 00502nam a2200169Ia 4500
003 GCL
008 140319s9999 xx 000 0 ara d
040 _aGCL /
_cGCL
082 0 4 _aد
_b050
100 1 _aحسين فوزى النجار
245 1 0 _aمحمد حسين هيكل مفكرا و اديبا (اقرا 551 ) /
_cحسين فوزى النجار
300 _a167
490 _aاقرأ
_v0
650 0 4 _aمحمد حسين هيكل
650 0 4 _aمحمد حسنين هيكل
942 _2ddc
_cBK
999 _c48634
_d48634